Etiqueta de registo: 00720cam 02200229 04500
001 1843
003 http://id.bnportugal.gov.pt/bib/catbnp/1843
005 19981110180400.0
095 ## $aPTBN00001888
100 ## $a19790301g19789999m y0pora0103 ba
101 0# $apor
102 ## $aPT
200 1# $aManuel de gestão democrática das autarquias$fCarlos Costa, ... [et al.]
210 #9 $aLisboa$cCaminho,$d1978-
215 ## $av.$d19 cm
327 0# $a1º v.: Questões gerais.- 122, [1] p. ;$a2º v.: Os sectores de actividade. - imp. 1979. - p. 123-331
675 ## $a316.3"19/20"$vmed$zpor$3288192
701 #1 $93$aCosta,$bCarlos$4070$3284307
801 #0 $aPT$bBN$gRPC
966 ## $d1º V.$lBN$mFGMON$nObra com folhas soltas$sC.G. 8231 P.
966 ## $d2º V.$lBN$mFGMON$sC.G. 8231 P.
998 ## $aFSE04 - 00173
Etiqueta de registo: 00254nam 2200025 450
001 2284484
003 http://id.bnportugal.gov.pt/bib/catbnp/2284484
010 ## $a978-972-8740-81-8
021 ## $aPT$b557381/25
100 ## $a20260415d2025 m d0pory01030103ba
101 0# $apor$aeng
102 ## $aPT
105 ## $aa b 000yy
106 ## $ar
200 1# $aManuel Cargaleiro - o infinito lugar da luz$ffot. Carlos Costa... [et al.]$gtrad. José Manuel Godinho
205 ## $a1ª ed
210 #9 $aSeixal$cCâmara Municipal do Seixal,$d2025
215 ## $a92 p.$cil.$d29 cm
305 ## $aEd. bilingue em português e inglês
600 #1 $aCargaleiro$f1927-2024$xCerâmica$xExposições$j[Catálogos]$2SIPOR$31996537
600 #1 $aCargaleiro$f1927-2024$xPintura$xExposições$j[Catálogos]$2SIPOR$31996535
675 ## $a738/75Cargaleiro(042)$vBN$zpor$31996622
675 ## $a738/75(=1:469)"19/20"(083.82)$vBN$zpor$31996621
675 ## $a738/75Cargaleiro(083.82)$vBN$zpor$31996620
702 #0 $aCargaleiro,$f1927-2024$4040$39832
702 #1 $93$aCosta,$bCarlos$4600$3284307
702 #1 $92$aGodinho,$bJosé Manuel$4730$31287160
801 #0 $aPT$bBN$gRPC
856 41 $uhttp://rnod.bnportugal.gov.pt/ImagesBN/winlibimg.aspx?skey=&doc=2284484&img=221612&save=true
900 ## $aBIBNAC$d20260430
966 ## $lBN$mFGMON$sB.A. 53731 V.$x1
966 ## $lBN$mFGMON$sB.A. 53731 V.-D$x1
971 ## $cabrito$d20260415
972 ## $e0$z0$d20260430$vasantos
973 ## $ctrodrigues$d20260422
974 ## $e0$d20260422$vrsimoes